000 00726nam a22002292 4500
001 0000012670
005 20151217145856.0
008 090308s xx 000 0 eng d
020 _a0715207864 :
040 _aKABU
_cKABU
100 1 _aBarclay, William.
_@0000160625
245 1 4 _aThe Acts of the Apostles /
_cWilliam Barclay.
250 _a3rd ed.
260 _aEdinburgh :
_bSaint Andrew Press,
_c2003.
300 _axxix, 228 p.
440 4 _aThe New study Bible
_@0000169553
630 0 0 _aBible.
_pN. T.
_pActs.
_vCommentaries.
_@0000169554
852 1 _9p890 KES
852 1 _9p890 KES
908 _a090308
950 _@1
999 _c3587
_d3587